Recommended daily allowances of nutrients and balanced diets (Record no. 414856)

000 -LEADER
fixed length control field 00420cam a22001217a 4500
008 - FIXED-LENGTH DATA ELEMENTS--GENERAL INFORMATION
fixed length control field 180718b1968 xxu||||| |||| 00| 0 eng d
082 ## - DEWEY DECIMAL CLASSIFICATION NUMBER
Classification number O96x54 In2 r
245 ## - TITLE STATEMENT
Title Recommended daily allowances of nutrients and balanced diets
Statement of responsibility, etc. by Indian Council Of Medical Research
260 ## - PUBLICATION, DISTRIBUTION, ETC.
Place of publication, distribution, etc. Hyderabad
Name of publisher, distributor, etc. Nutrition Research Laboratories
Date of publication, distribution, etc. 1968
300 ## - PHYSICAL DESCRIPTION
Extent 8p
650 ## - SUBJECT ADDED ENTRY--TOPICAL TERM
Topical term or geographic name entry element Nutrition - India.
700 ## - ADDED ENTRY--PERSONAL NAME
Personal name India.Indian Council Of Medica
Holdings
Withdrawn status Lost status Damaged status Not for loan Permanent Location Current Location Date acquired Full call number Barcode Date last seen Price effective from Koha item type
        Indian Institute of Public Administration Indian Institute of Public Administration 2009-02-27 O96x54 In2 r D1041 2018-07-21 2018-07-21 D

Powered by Koha